000 00534nam a2200193Ia 4500
005 20260120131821.0
008 008 260114s9999 xx 000 0 eng d
020 _a9780197723364
037 _aEBOOK
040 _aCRL
_beng
_cCRL
041 _aeng
_2eng
084 _qCRL
100 _aEchevarria
_9931564
245 0 _aCervantes Don Quixote: A Casebook
260 _bOxford University PressOxford University Press
_c2023
856 _uhttps://academic.oup.com/book/48584
942 _cEBOOK
999 _c1523486
_d1523486